000 01080nac a22003850a 4500
001 PT40961
003 AR-LpoUNG
005 20210201005417.0
008 201001s2003||||ag |||||||||||||||||spa d
020 _a9875060763
_c$46.25
040 _aAR-LpoUNG
_bspa
_eaacr
041 _aspa
044 _aag
082 0 _a982.024 633v4
100 1 _aGómez de Mier, Eugenio
_ecomp.
245 1 0 _a2 de mayo a 17 de octubre de 1802
250 _a2§ edición
260 _aBuenos Aires :
_bDocencia,
_c2003.
300 _a[369] p. :
_btbls.
_a(4
_fVolúmenes)
_3Impreso
490 0 _aTélegrafo mercantil : rural, político-económico e historiográfico del Rio de la Plata
650 4 _aANALISIS HISTORICO
650 4 _aARGENTINA
650 4 _aCOMERCIO
650 4 _aDOCUMENTOS
650 4 _aDOCUMENTOS PRIMARIOS
650 4 _aECONOMIA
650 4 _aHISTORIA
650 4 _aPERIODISMO
650 4 _aPOLITICA
650 4 _aPUBLICACIONES PERIODICAS
651 4 _aArgentina
710 2 _aFundación Hernandarias (Buenos Aires)
905 _a40961
942 _cLIB
999 _c49447
_d49447